Scheme for Tokyo's new revenue sources : For safeguarding autonomy and citizens' livelihood

This report points out the fact that those who benefit from the masses in cites are not identical to those who suffer from the masses in cites- former being corporations and the later individual citizens, and this provides a deep-rooted problem of inequity. The committee has reviewed the current tax...

وصف كامل

محفوظ في:
التفاصيل البيبلوغرافية
التنسيق: كتاب
اللغة:Undetermined
منشور في: Tokyo Tokyo Metropolitan Govt 1976
الموضوعات:
الوسوم: إضافة وسم
لا توجد وسوم, كن أول من يضع وسما على هذه التسجيلة!
Thư viện lưu trữ: Trung tâm Học liệu Trường Đại học Cần Thơ
LEADER 00980nam a2200193Ia 4500
001 CTU_111127
008 210402s9999 xx 000 0 und d
082 |a 336.2 
082 |b S323 
245 0 |a Scheme for Tokyo's new revenue sources : 
245 0 |b For safeguarding autonomy and citizens' livelihood 
260 |a Tokyo 
260 |b Tokyo Metropolitan Govt 
260 |c 1976 
520 |a This report points out the fact that those who benefit from the masses in cites are not identical to those who suffer from the masses in cites- former being corporations and the later individual citizens, and this provides a deep-rooted problem of inequity. The committee has reviewed the current taxation system and submitted reports in four stages concerning the measures to be taken to overcome the lurid picture of cities. 
650 |a Taxation,Finance, public 
650 |z Tokyo,Tokyo, Japan 
904 |i Tuyến 
980 |a Trung tâm Học liệu Trường Đại học Cần Thơ